[Event "45th Olympiad Budapest 2024"]
[Site "Budapest"]
[Date "2024.09.20"]
[Round "9.4"]
[White "Mejias Nunez, Rafael E."]
[Black "Arunnuntapanich, Tinnakrit"]
[Result "1-0"]
[WhiteElo "2026"]
[BlackElo "2064"]
[PlyCount "115"]
[EventDate "2024.09.11"]
[EventType "team"]
[EventRounds "11"]
[EventCountry "HUN"]
[WhiteTeam "Puerto Rico"]
[BlackTeam "Thailand"]
[WhiteTeamCountry "PUR"]
[BlackTeamCountry "THA"]

1. e4 c5 2. Nf3 e6 3. d4 cxd4 4. Nxd4 Nf6 5. Nc3 Nc6 6. a3 d5 7. exd5 Nxd5 8. Nxd5 Qxd5 9. Nxc6 Qxd1+ 10. Kxd1 bxc6 11. Be3 Bd6 12. Bc4 a5 $146 ({RR} 12... Ke7 13. Ke2 e5 14. Rad1 Be6 15. Bxe6 Kxe6 16. Rd3 Rhb8 17. Rhd1 Be7 18. Rc3 Rc8 19. Rc4 Rab8 20. b3 a6 21. Ra4 Ra8 22. Rd3 f5 23. Rc3 g6 24. Bc5 Bd6 25. f3 Re8 26. Bb4 Rec8 27. Bc5 {Bivol,A (2371)-Goltseva,E (2283) Sochi RUS 2023 1-0 (57)}) ({RR} 12... Ke7 13. Ke2 Bb7 14. b4 a5 15. bxa5 Rxa5 16. Bb6 Re5+ 17. Be3 Ra8 18. Rhb1 Ba6 19. Bxa6 Rxa6 20. Rb3 Bc5 21. f4 Rh5 22. h3 Bxe3 23. Kxe3 Rc5 24. c3 Ra7 25. Rd1 Rca5 26. Ra1 Rd7 27. c4 {Benito De Leo,E (1900)-Aashi Upadhyay (1653) Gandhinagar IND 2024 ½-½}) 13. Ke2 Ke7 14. Rhd1 a4 15. Rd2 Ra5 16. Rad1 Bc7 17. h3 f6 18. b4 axb3 19. cxb3 f5 20. Bg5+ Kf7 21. Bd8 Bxd8 22. Rxd8 Rxd8 23. Rxd8 Ba6 24. Bxa6 Rxa6 25. a4 Rb6 26. Rd3 Ke7 27. Kd2 e5 28. Kc3 e4 29. Rd2 Rb8 30. b4 Ke6 31. Kc4 g5 32. a5 h5 33. a6 Ra8 34. Ra2 Kd6 35. Kd4 Ra7 36. Ra5 h4 37. Ra3 Ra8 38. a7 Kc7 39. Ke5 Kb6 40. Kxf5 Kb5 41. Kxg5 Kxb4 42. Re3 c5 43. Rxe4+ c4 44. f4 Kc3 45. f5 Kd3 46. Rf4 c3 47. Kxh4 c2 48. Rf1 Rxa7 49. g4 Rh7+ 50. Kg5 Rxh3 51. f6 Ke2 52. Rc1 Kd2 53. Rxc2+ Kxc2 54. f7 Rf3 55. Kg6 Kd3 56. g5 Ke4 57. Kg7 Ke5 58. g6 1-0

[Event "45th Olympiad Budapest 2024"]
[Site "Budapest"]
[Date "2024.09.20"]
[Round "9.1"]
[White "Liyanage, Ranindu Dilshan"]
[Black "Saraci, Nderim"]
[Result "1-0"]
[WhiteElo "2366"]
[BlackElo "2446"]
[PlyCount "157"]
[EventDate "2024.09.11"]
[EventType "team"]
[EventRounds "11"]
[EventCountry "HUN"]
[WhiteTeam "Sri Lanka"]
[BlackTeam "Kosovo *"]
[WhiteTeamCountry "SRI"]

1. e4 e5 2. Nf3 Nc6 3. Bc4 Bc5 4. c3 Nf6 5. d3 a6 6. a4 d6 7. Bg5 Ba7 8. Nbd2 Qe7 9. O-O h6 10. Bh4 g5 11. Bg3 Bg4 $146 ({RR} 11... O-O 12. b4 Be6 13. Re1 Rad8 14. b5 Nb8 15. d4 Nh5 16. Bxe6 fxe6 17. Nxe5 Qe8 18. Ng4 Qg6 19. e5 d5 20. Qb1 Qg7 21. bxa6 bxa6 22. Nf6+ Nxf6 23. exf6 Qxf6 24. Qb7 Bb6 25. a5 Rf7 26. axb6 {Novik,M (2409)-Kretchetov,A (2088) New York USA 2024 1-0}) ({RR} 11... Nd7 12. b4 Nf8 13. b5 Na5 14. Bd5 Bb6 15. Kh1 Ng6 16. h3 h5 17. Rb1 g4 18. Ng1 Be6 19. d4 Qf6 20. Qe2 exd4 21. cxd4 Bxd5 22. exd5+ Kf8 23. bxa6 Rxa6 24. f3 gxh3 25. Nxh3 Qxd4 26. Ne4 {Liyanage,R (2362)-Saydaliev,S (2449) Dubai UAE 2024 0-1 (75)}) ({RR} 11... Rg8 12. Ba2 h5 13. h3 h4 14. Bh2 g4 15. hxg4 Bxg4 16. Qc2 Nh5 17. Rae1 Bh3 18. g3 hxg3 19. Bxg3 Nxg3 20. Kh2 Nxf1+ 21. Nxf1 Bg2 22. Ng3 Bxf3 23. Nf5 Qg5 24. Qb3 Qg2# {0-1 (24) Magallanes,R (2036)-Rosenberg,E (2125) Chess.com INT 2021}) ({RR} 11... O-O 12. Re1 Nh7 13. h3 h5 14. d4 h4 15. Bh2 g4 16. hxg4 Bxg4 17. Be2 Kh8 18. Nxe5 Nxe5 19. Bxg4 Nxg4 20. Qxg4 Rg8 21. Qh3 Qe6 22. Kh1 Rg4 23. f3 Rg6 24. f4 Qg4 25. Nf3 Rag8 26. Re2 {Sethuraman,S (2594)-Gupta,A (2605) Bangalore IND 2024 1-0 (55)}) 12. h3 Be6 13. b4 Bxc4 14. Nxc4 Qe6 15. Re1 Ne7 16. Rb1 Nh5 17. Nd4 Qg6 18. Nf5 Nxg3 19. Nxg3 O-O 20. d4 exd4 21. cxd4 f5 22. e5 d5 23. Na5 g4 24. hxg4 fxg4 25. Rc1 Nf5 26. Qd3 Qg5 27. Rxc7 Qf4 28. Nb3 Bxd4 29. Nxd4 Qxd4 30. Qxd4 Nxd4 31. Rd1 Ne6 32. Rxb7 Rab8 33. Ra7 Rxb4 34. Nh5 Rf7 35. Nf6+ Kg7 36. Rxa6 Nf4 37. Ra8 h5 38. Kh2 Rb2 39. Kg3 Rb4 40. Rh1 Kg6 41. Rd1 Kf5 42. Rh8 Kxe5 43. Nxd5 Rb3+ 44. Ne3 Ne2+ 45. Kh4 Nf4 46. Re8+ Kf6 47. Nd5+ Nxd5 48. Rxd5 Rb2 49. Rxh5 Rxf2 50. Kg3 Ra2 51. Re4 Ra7 52. Rf4+ Ke6 53. Rh6+ Ke5 54. Rh5+ Ke6 55. Rh6+ Ke5 56. Rxg4 Ra3+ 57. Kh4 R3xa4 58. Rxa4 Rxa4+ 59. Kg5 Ra8 60. g4 Rg8+ 61. Rg6 Rh8 62. Ra6 Rg8+ 63. Kh5 Rh8+ 64. Rh6 Rf8 65. g5 Kf5 66. Rh7 Rg8 67. Rf7+ Ke6 68. Rf2 Ke7 69. Kh6 Rh8+ 70. Kg7 Rh1 71. Re2+ Kd7 72. g6 Rh3 73. Kg8 Rh1 74. g7 Kd6 75. Re4 Rh2 76. Kf7 Rf2+ 77. Kg6 Rg2+ 78. Kf6 Kd7 79. Re5 1-0

[Event "45th Olympiad Budapest 2024"]
[Site "Budapest"]
[Date "2024.09.20"]
[Round "9.2"]
[White "Ondozi, Murtez"]
[Black "Amarathunga, Kosala Sandeepa Cha"]
[Result "1-0"]
[WhiteElo "2371"]
[BlackElo "1956"]
[PlyCount "119"]
[EventDate "2024.09.11"]
[EventType "team"]
[EventRounds "11"]
[EventCountry "HUN"]
[WhiteTeam "Kosovo *"]
[BlackTeam "Sri Lanka"]
[BlackTeamCountry "SRI"]

1. d4 {Ftacnik,Lubomir} Nf6 2. c4 e6 3. Nf3 d5 4. Nc3 Nbd7 5. cxd5 exd5 6. Bf4 Bb4 7. Qb3 c5 8. dxc5 Qa5 9. a3 Bxc3+ 10. Qxc3 ({RR} 10. bxc3 Qxc5 11. Qb4 ({RR} 11. e3 O-O 12. Bd3 Ne4 13. O-O Nb6 14. Be5 Nc4 15. Bd4 Qc7 16. Qc2 Re8 17. Rfb1 b6 18. Rb4 Bd7 ({RR} 18... Bb7) 19. Rxc4 dxc4 20. Bxe4) ({RR} 11. Nd4 O-O) 11... Ne4 ({RR} 11... a5 12. Qxc5 ({RR} 12. Qd4 b6 13. e3 Ba6) 12... Nxc5 13. Nd4 Bd7 14. f3) 12. Nd4 b6 ({RR} 12... a5 13. Qxc5 Ndxc5 14. f3 Nxc3 15. Rc1 N3a4 16. Nb5 Ne6 17. Nc7+ Nxc7 18. Rxc7 O-O 19. e4 dxe4 20. Bb5 Nb2 21. fxe4) ({RR} 12... Qxc3+ 13. Qxc3 Nxc3 14. Rc1 Ne4 15. Nb5) 13. f3 a5 ({RR} 13... Nxc3 14. Bd2) 14. Qxc5 Nexc5 15. Nf5 ({RR} 15. O-O-O Ne6 16. Bd6 Nxd4 17. Rxd4 Bb7 18. e4 dxe4 19. fxe4 Rc8 20. Bc4) 15... Ne6 ({RR} 15... g6 16. Nd6+ Ke7 17. Rd1) 16. Bg3 ({RR} 16. Bd6 g6 17. Ne3 Bb7 ({RR} 17... d4 18. cxd4 Nxd4 19. Kf2) 18. Rd1) 16... g6 17. Nd6+ Ke7 18. e3 ({RR} 18. O-O-O Nf6 19. e4 dxe4 20. fxe4 Rd8 21. Be2) 18... Rd8 19. Rb1 ({RR} 19. O-O-O Nf6 20. Nb5 Ba6 21. Kc2) 19... Ba6 20. Kf2 f5 ({RR} 20... f6 21. Nb5 Ne5) 21. Nb5 Rdc8 ({RR} 21... Rac8 22. Na7 Rxc3 23. Bxa6 Ra8 24. Nc8+ Kd8 25. Rhc1 Rxc1 26. Rxc1 Nec5 ({RR} 26... Rxa6 27. Rc6 Nec5 28. Nxb6 Nxb6 29. Rxc5) 27. Bb5 Rxc8 28. Rd1 Nf6 29. Bh4 Ke7 30. Rxd5) 22. Be2 Bxb5 ({RR} 22... Nf6 23. Be5 Rc6 24. Rhd1 Nd7 25. Rxd5 Nxe5 26. Rxe5 Bxb5 27. Rbxb5 Rd8 28. Rb2) 23. Rxb5 Rxc3 24. Rxd5 Nf6 {Aronian,L (2754)-Eljanov,P (2693) Nalchik 2009 CBM 130 [Ftacnik,Lubomir] 1-0 (50)} ({RR} 24... Rxa3 25. Bd6+) ({RR} 24... Rac8 25. Rb1 Rc2 26. Rbd1)) 10... Qxc3+ 11. bxc3 Nxc5 ({RR} 11... Ne4 12. c4 dxc4 13. c6 bxc6 14. e3 Ba6 15. Rc1 Nb6 16. Ne5 Nc5 17. Nxc4 Nxc4 18. Bxc4 Bxc4 19. Rxc4 Nd3+ 20. Ke2 Nxf4+ 21. Rxf4) 12. e3 ({RR} 12. Be5 Ke7 13. g3) ({RR} 12. Be5 Be6 13. e3 O-O 14. Be2 Nfe4 15. a4 Rfc8 16. Ra3 Bd7 17. a5 Na4 18. O-O f6 19. Bd4 Naxc3 20. Bd3 Bb5 21. Bxb5 Nxb5 22. Rd3 Kf7 23. Rb3 a6 24. Rb2 Rc4 25. Bb6 Rac8 26. Nd4 Ned6 {Kovac,P (2267)-Harsh,S (2415) Belgrade SRB 2024 0-1 (52)}) 12... a6 $146 ({RR} 12... Be6 13. Nd4 Nfe4 14. Nb5 O-O 15. f3 Nf6 16. Bd6 Rfe8 17. Nc7 {1-0 (17) Wichmann,C (2360)-Boettger,L (2240) Dresden 2013}) ({RR} 12... Nfe4 13. c4 dxc4 14. Bxc4 Be6 15. Bb5+ Ke7 16. Nd4 Rac8 17. O-O Nc3 18. Rfc1 Nb3 19. Nxb3 Bxb3 20. Bf1 Rc6 21. e4) ({RR} 12... Bf5 13. Rd1 Rc8 14. Nd4 Bd7 15. c4 O-O 16. Be5 Ng4 17. Bd6 Ne4 18. Bxf8 Ngxf2 19. Rb1 Nxh1 20. Rxb7 Bg4 21. Bb4 dxc4 22. Re7 Nhf2 23. Nc6 c3 24. Bxc3 Nxc3 25. Ba6 Nd3+ 26. Kd2 Rf8 27. Kxd3 {Sanjay,N (2331)-Nolte,R (2455) Visakhapatnam 2011 1-0 (44)}) ({RR} 12... Nfe4 13. c4 dxc4 14. Bxc4 Be6 15. Bb5+ Ke7 16. Nd4 Rac8 17. O-O Nc3 18. Rfc1 Nb3 19. Nxb3 Bxb3 20. Bf1 Rc6 21. e4 Rhc8 22. f3 a6 23. Kf2 Ba4 24. Bd2 {½-½ (24) Kaufman,L (2400)-Seirawan,Y (2644) Seattle 2002}) 13. Be5 Be6 14. a4 O-O 15. Be2 Nfe4 16. a5 Rfc8 17. Ra3 f6 18. Bd4 Nd6 19. Nd2 Rc7 20. O-O Rac8 21. f3 Bf5 22. c4 dxc4 23. Bxc4+ Nxc4 24. Nxc4 Bd3 25. Rc1 Bxc4 26. Rxc4 Ne6 27. Rxc7 Rxc7 28. Bb6 Rd7 29. Rc3 Kf7 30. Rc2 Nf8 31. Rc8 Ng6 32. e4 Ne5 33. Kf1 Nc6 34. Ke2 Ne7 35. Ra8 Nc6 36. g4 Ke6 37. Re8+ Kf7 38. Rc8 Ne7 39. Ra8 Ke6 40. f4 Nc6 41. Rc8 g6 42. f5+ Kf7 43. h3 Ne5 44. Rc7 Ke7 45. Bc5+ Kd8 46. Rxd7+ Kxd7 47. Bd4 Kd6 48. Bxe5+ Kxe5 49. Ke3 gxf5 50. gxf5 h6 51. Kd3 h5 52. h4 Kf4 53. Kd4 Kg4 54. Kd5 Kxh4 55. e5 Kg3 56. exf6 h4 57. f7 h3 58. f8=Q h2 59. Qd6+ Kg2 60. Qxh2+ 1-0

[Event "45th Olympiad Budapest 2024"]
[Site "Budapest"]
[Date "2024.09.20"]
[Round "9.3"]
[White "Kodithuwakku, K K Dinujaya"]
[Black "Uruci, Endrit"]
[Result "0-1"]
[WhiteElo "1827"]
[BlackElo "2348"]
[PlyCount "48"]
[EventDate "2024.09.11"]
[EventType "team"]
[EventRounds "11"]
[EventCountry "HUN"]
[WhiteTeam "Sri Lanka"]
[BlackTeam "Kosovo *"]
[WhiteTeamCountry "SRI"]

1. d4 Nf6 2. Nc3 d5 3. Bf4 e6 4. Nb5 Na6 5. e3 Be7 6. Nf3 O-O 7. h4 c5 8. h5 Bd7 9. a4 Ne4 ({RR} 9... c4 10. Ne5 Bxb5 11. axb5 Nc7 12. b6 axb6 13. Rxa8 Nxa8 14. g4 Ne4 15. h6 g5 16. Bh2 f6 17. Nf3 b5 18. Bg2 Nb6 19. Nd2 Nd6 20. Qe2 Nf7 21. Bg3 Bd6 22. Bxd6 Qxd6 23. Qf3 Qe7 24. Qh3 {Minnican,A (2090)-Bellia,F (2388) Catez SLO 2024 0-1 (42)}) 10. c3 c4 $146 ({RR} 10... h6 11. Ne5 Nb8 12. Bd3 a6 13. Na3 Nc6 14. Bxe4 dxe4 15. Nxd7 Qxd7 16. dxc5 Rfd8 17. Qxd7 Rxd7 18. Ke2 e5 19. Bg3 Bxc5 20. Nc4 Re8 21. b4 Bf8 22. b5 Na7 23. Nxe5 Rd5 24. Rhd1 Rxd1 25. Kxd1 {Erigaisi,A (2718)-Caruana,F (2766) chess.com INT 2022 0-1 (59)}) 11. Ne5 Nb8 12. h6 g6 13. Nc7 Qxc7 14. Nxg6 fxg6 15. Bxc7 Nxf2 16. Qc2 Nxh1 17. g3 Rf2 18. Be2 e5 19. Qd1 Na6 20. Bxe5 Raf8 21. Bf4 g5 22. Bg4 Nb4 23. Be2 gxf4 24. exf4 Bg4 0-1

[Event "45th Olympiad Budapest 2024"]
[Site "Budapest"]
[Date "2024.09.20"]
[Round "9.4"]
[White "Asllani, Muhamet"]
[Black "Bandara, Dhanushka"]
[Result "1/2-1/2"]
[WhiteElo "2191"]
[BlackElo "1903"]
[PlyCount "226"]
[EventDate "2024.09.11"]
[EventType "team"]
[EventRounds "11"]
[EventCountry "HUN"]
[WhiteTeam "Kosovo *"]
[BlackTeam "Sri Lanka"]
[BlackTeamCountry "SRI"]

1. d4 Nf6 2. Nf3 e6 3. Bg5 d5 4. e3 Be7 5. Nbd2 O-O 6. Bd3 c5 7. c3 Nbd7 8. O-O Qc7 9. Re1 ({RR} 9. Rc1 h6 10. Bh4 b6 11. c4 Ba6 12. b4 dxc4 13. Nxc4 Qb7 14. bxc5 bxc5 15. Rb1 Qc8 16. Qc2 cxd4 17. exd4 Qd8 {½-½ (17) Speelman,J (2596)-Tiviakov,S (2599) Leon 2001}) 9... b6 ({RR} 9... Re8 10. Qc2 h6 11. Bf4 Bd6 12. Bxd6 Qxd6 13. e4 dxe4 14. Nxe4 Nxe4 15. Bxe4 cxd4 16. Nxd4 Nf6 17. Nf3 e5 18. Rad1 Qc7 19. c4 Bg4 20. h3 Bh5 21. b3 Re7 22. Rd2 Rae8 23. Nh4 Nxe4 24. Qxe4 {Ano Pla,G (2179)-Jimenez Ruano,A (2250) Torredembarra ESP 2023 ½-½ (49)}) 10. Rc1 Bb7 11. c4 $146 ({RR} 11. e4 dxe4 12. Nxe4 Rad8 13. Qe2 Rfe8 14. Nxf6+ Nxf6 15. Bxf6 Bxf6 16. dxc5 Qxc5 17. Be4 Bc8 18. Rcd1 g6 19. Rxd8 Rxd8 20. Rd1 Rxd1+ 21. Qxd1 Qc4 22. Qb1 Ba6 23. Nd2 Qe2 24. Nf1 Bg5 25. Ng3 Qd2 {Bartolozzi,R (2126)-Tiviakov,S (2631) Lodi 2005 0-1 (64)}) ({RR} 11. Bb1 Rfe8 12. Qc2 g6 13. b3 Rac8 14. Qb2 e5 15. Nxe5 Nxe5 16. dxe5 Qxe5 17. Nf3 Qe6 18. c4 dxc4 19. Rxc4 Rcd8 20. Qe5 Qxe5 21. Nxe5 Kg7 22. Rcc1 h6 23. Bh4 g5 24. Bg3 Nh5 25. Red1 Nxg3 {Detter,P (2170)-Ipsarides,H (2186) Helsinki 1999 0-1 (56)}) 11... Bd6 12. cxd5 exd5 13. e4 dxe4 14. Nxe4 Nxe4 15. Bxe4 Rfe8 16. Qd3 h6 17. Bxb7 Qxb7 18. dxc5 Bxc5 19. Bh4 Nf8 20. h3 Ng6 21. Bg3 Red8 22. Qf5 Qd7 23. Qe4 Qb5 24. b3 Qd3 25. b4 Bf8 26. Rc7 Qxe4 27. Rxe4 Rd1+ 28. Kh2 Ra1 29. Rc2 Rd8 30. Bc7 Rc8 31. g3 Bd6 32. Rec4 Rxc7 33. Rxc7 Bxc7 34. Rxc7 Rxa2 35. Kg2 Rb2 36. h4 Rxb4 37. h5 Nf8 38. Rxa7 Rb5 39. g4 Ne6 40. Ra8+ Kh7 41. Ra7 f5 42. gxf5 Rxf5 43. Rb7 Nf4+ 44. Kg1 Nxh5 45. Nd4 Rf6 46. Ne2 Kg6 47. Kg2 Kf5 48. Kf3 g5 49. Nc3 Ke5+ 50. Ke3 Nf4 51. Nb5 Kd5 52. Rc7 Re6+ 53. Kf3 Nd3 54. Nc3+ Kd6 55. Nb5+ Ke5 56. Ke3 Nf4 57. Rd7 Nd5+ 58. Kf3 h5 59. Rg7 Kf6 60. Rd7 Ne7 61. Nd4 g4+ 62. Kf4 Ng6+ 63. Kg3 h4+ 64. Kh2 Re4 65. Rd6+ Kf7 66. Nf5 Rf4 67. Nxh4 Nxh4 68. Rxb6 Nf5 69. Kg2 Ra4 70. Rc6 Ng7 71. f3 gxf3+ 72. Kxf3 Ne6 73. Rb6 Kf6 74. Ke3 Ra5 75. Ke4 Re5+ 76. Kd3 Kf5 77. Kc3 Rc5+ 78. Kd2 Ke5 79. Rb8 Nf4 80. Re8+ Kd4 81. Rd8+ Nd5 82. Ke2 Rc3 83. Kd2 Rf3 84. Ke2 Rf5 85. Rd7 Re5+ 86. Kf3 Re3+ 87. Kf2 Ra3 88. Rd8 Rb3 89. Ke2 Re3+ 90. Kf2 Re5 91. Rf8 Ke4 92. Ra8 Kd3 93. Ra3+ Nc3 94. Kf3 Rf5+ 95. Kg4 Rf8 96. Ra7 Kd4 97. Rd7+ Nd5 98. Ra7 Ke4 99. Ra4+ Ke5 100. Ra5 Rf1 101. Kg3 Rb1 102. Kg4 Rb3 103. Rc5 Ra3 104. Rb5 Ke4 105. Rb8 Nf6+ 106. Kg5 Ke5 107. Rb5+ Nd5 108. Kg4 Ke6 109. Rb1 Ra4+ 110. Kf3 Kf5 111. Rb3 Rd4 112. Ra3 Rh4 113. Kg3 Rd4 1/2-1/2

[Event "45th Olympiad Budapest 2024"]
[Site "Budapest"]
[Date "2024.09.20"]
[Round "9.1"]
[White "Ssegwanyi, Arthur"]
[Black "Asabri, Hussien"]
[Result "1-0"]
[WhiteElo "2365"]
[BlackElo "2196"]
[PlyCount "91"]
[EventDate "2024.09.11"]
[EventType "team"]
[EventRounds "11"]
[EventCountry "HUN"]
[WhiteTeam "Uganda"]
[BlackTeam "Libya"]
[WhiteTeamCountry "UGA"]
[BlackTeamCountry "LBY"]

1. e4 e5 2. Nf3 Nc6 3. Nc3 Nf6 4. Bb5 Nd4 5. O-O Bc5 6. Nxe5 O-O 7. Nd3 Bb6 8. e5 Ne8 9. Bc4 d6 10. Nd5 Bf5 $146 ({RR} 10... dxe5 11. Nxb6 axb6 12. Nxe5 Nd6 13. c3 Nxc4 14. Nxc4 Be6 15. Ne5 Nf5 16. d4 c5 17. Be3 Qd6 18. Qf3 cxd4 19. Bxd4 Nxd4 20. cxd4 Qxd4 21. Nd3 Rxa2 22. Rad1 Bg4 23. Nf4 Qxd1 24. Qxd1 Bxd1 25. Rxd1 {Zambrano Rodriguez,A (2226)-Dilanian,G (2191) chess.com INT 2024 0-1}) 11. Ne3 Be4 12. exd6 Nxd6 13. Ne1 Qh4 14. d3 Bc6 15. Bd5 Rae8 16. Nf3 Qf6 17. Nxd4 Bxd4 18. Bxc6 bxc6 19. c3 Bb6 20. Qa4 Qg6 21. d4 f5 22. Nc4 Nxc4 23. Qxc4+ Kh8 24. Bf4 Qg4 25. Bg3 Qe2 26. Qxe2 Rxe2 27. Rfe1 Rfe8 28. Kf1 Rxe1+ 29. Rxe1 Rxe1+ 30. Kxe1 Kg8 31. b4 a5 32. a3 g5 33. Be5 Kf7 34. Ke2 Ke6 35. Kd3 axb4 36. axb4 Kd5 37. c4+ Ke6 38. c5 Ba7 39. Bxc7 Kd5 40. f3 h6 41. h3 h5 42. Be5 h4 43. Bc7 Ke6 44. Kc4 Kd7 45. Bd6 Ke6 46. Be5 1-0

[Event "45th Olympiad Budapest 2024"]
[Site "Budapest"]
[Date "2024.09.20"]
[Round "9.2"]
[White "Alhassadi, Yousef A."]
[Black "Kawuma, Patrick"]
[Result "1/2-1/2"]
[WhiteElo "2082"]
[BlackElo "2207"]
[PlyCount "127"]
[EventDate "2024.09.11"]
[EventType "team"]
[EventRounds "11"]
[EventCountry "HUN"]
[WhiteTeam "Libya"]
[BlackTeam "Uganda"]
[WhiteTeamCountry "LBY"]
[BlackTeamCountry "UGA"]

1. e4 c5 2. c3 d5 3. exd5 Qxd5 4. Nf3 Nf6 5. Na3 a6 6. Be2 e6 7. Nc4 ({RR} 7. O-O Be7 8. Nc4 Nbd7 9. d4 cxd4 10. Nxd4 O-O 11. b3 Re8 12. Bf3 Qc5 13. Re1 Nb6 14. Nxe6 Bxe6 15. Be3 Qf5 16. Bxb6 Bxc4 17. bxc4 Bc5 18. Bxc5 Rxe1+ 19. Qxe1 Qxc5 20. Bxb7 Re8 21. Qf1 Qa3 {Benjamin,J (2526)-Theodorou,N (2539) Saint Louis 2018 1-0 (63)}) ({RR} 7. O-O Nc6 8. Nc4 Qd8 9. a4 Be7 10. a5 Nd5 11. d3 O-O 12. Be3 Bd7 13. Qb3 Rb8 14. Rfd1 Qc7 15. Qa3 Na7 16. Bg5 Bxg5 17. Nxg5 Nb5 18. Qb3 Bc6 19. Ne4 Nf4 20. Bf1 Bd5 21. Qc2 Rbd8 {Miltner,A (2259)-Noone,J (1906) Krakow POL 2024 1-0 (40)}) 7... Nbd7 8. a4 $146 ({RR} 8. d4 b6 9. Nfe5 Nxe5 10. Nxe5 cxd4 11. cxd4 Bb4+ 12. Kf1 O-O 13. Bf3 Ne4 14. g3 Bb7 15. Kg2 Rfd8 16. Be3 Rac8 17. Qe2 Be7 18. Rhe1 f5 19. h4 Rc7 20. Rac1 Rdc8 21. Rxc7 Rxc7 22. a3 Bf6 {Tamer waguih,F (1866)-Barretto,F (2130) Dubai UAE 2023 0-1 (51)}) ({RR} 8. O-O Be7 9. d4 O-O 10. Re1 cxd4 11. cxd4 Bb4 12. Bd2 Bxd2 13. Qxd2 b5 14. Ne3 Qd6 15. Rac1 Bb7 16. h3 Rac8 17. a3 Rfd8 18. Red1 Nb6 19. Rxc8 Rxc8 20. Ne5 Nbd5 21. N3g4 Ne4 22. Qd3 Nf4 {Gratton,D (1656)-Vidmar,K (1749) Nova Gorica 2018 0-1 (58)}) ({RR} 8. O-O Be7 9. d4 O-O 10. Ne3 Qd6 11. Qc2 b6 12. dxc5 Nxc5 13. b4 Ncd7 14. a3 Bb7 15. c4 a5 16. Rd1 Qc7 17. bxa5 Rxa5 18. Nd4 Rc8 19. Bd2 Be4 20. Qb2 Raa8 21. f3 Bg6 22. Nb5 Qb8 {Schmikli,L (2236)-Dencsi,T (2279) Hungary 2006 0-1 (44)}) 8... b6 9. O-O Bb7 10. d3 Be7 11. Bf4 O-O 12. h3 Qc6 13. Qb3 Rad8 14. Rfd1 Ba8 15. Bh2 Kh8 16. Bf1 Nd5 17. d4 cxd4 18. Nxd4 Qb7 19. Qc2 N7f6 20. Qe2 Qc8 21. Nf3 Bb7 22. Qc2 Bc5 23. Be5 h6 24. Be2 Qc6 25. Bf1 Nh5 26. b4 Be7 27. Bd4 Nhf4 28. Nfe5 Qc7 29. g3 Nh5 30. Rac1 Kg8 31. Be2 Nhf6 32. Bf3 Rc8 33. Qb3 Rfd8 34. Kh2 Re8 35. Re1 Bd8 36. Nd2 Be7 37. Ndc4 Qb8 38. Nd3 Nxb4 39. Bxb7 Nxd3 40. Bxc8 Nxc1 41. Rxc1 Rxc8 42. Nxb6 Bc5 43. Rb1 Rc6 44. Bxc5 Rxc5 45. Nd7 Nxd7 46. Qxb8+ Nxb8 47. Rxb8+ Kh7 48. Rb6 Rxc3 49. Rxa6 Ra3 50. a5 h5 51. h4 Kg6 52. Kg2 Kf6 53. Ra7 e5 54. a6 g6 55. Ra8 Kf5 56. Rf8 Kf6 57. Ra8 Kf5 58. Rf8 Ke6 59. Ra8 Ra2 60. Kf3 Kf5 61. Rf8 Ra3+ 62. Kg2 f6 63. Ra8 Ra2 64. Kf3 1/2-1/2

[Event "45th Olympiad Budapest 2024"]
[Site "Budapest"]
[Date "2024.09.20"]
[Round "9.3"]
[White "Egesa, Emmanuel"]
[Black "Naser Eldean, Ahmed"]
[Result "0-1"]
[WhiteElo "2128"]
[BlackElo "1981"]
[PlyCount "124"]
[EventDate "2024.09.11"]
[EventType "team"]
[EventRounds "11"]
[EventCountry "HUN"]
[WhiteTeam "Uganda"]
[BlackTeam "Libya"]
[WhiteTeamCountry "UGA"]
[BlackTeamCountry "LBY"]

1. d4 Nf6 2. c4 g6 3. Nc3 Bg7 4. e4 d6 5. f3 c6 6. Be3 a6 7. a4 a5 8. Bd3 Na6 9. Nge2 e5 10. d5 Nd7 11. Qd2 Ndc5 12. Bc2 Nb4 $146 ({RR} 12... cxd5 13. cxd5 Bd7 14. O-O O-O 15. Nc1 f5 16. Nd3 Rc8 17. Nxc5 Nxc5 18. Kh1 f4 19. Bxc5 Rxc5 20. Bd3 g5 21. Rfc1 Rf6 22. Nb5 b6 23. b4 axb4 24. Qxb4 Rh6 25. Rxc5 dxc5 26. Qe1 g4 27. fxg4 {Forgacs,A (2103)-Amrein,R (2202) Hungary 2017 0-1 (34)}) 13. Rd1 O-O 14. dxc6 Qh4+ 15. Ng3 bxc6 16. Bb1 Nb3 17. Qf2 Be6 18. Rxd6 Bxc4 19. Nge2 Qe7 20. Rd1 c5 21. O-O Nd4 22. Rfe1 Rfc8 23. Nc1 Rab8 24. f4 f6 25. Rd2 Rb6 26. Ba2 Nxa2 27. N1xa2 Qb7 28. Rb1 Rb8 29. Nc1 Qd7 30. h3 Bh6 31. Qh4 Kg7 32. Qf2 Rd6 33. Kh1 Rb4 34. Nd3 Nb3 35. Nxc5 Rxd2 36. Nxd7 Rxf2 37. Bxf2 Bxf4 38. Rd1 Nd2 39. Bb6 Rxb2 40. Bxa5 Bb3 41. Ra1 Bc2 42. Nc5 Kf7 43. Nd1 Rb8 44. g3 Nxe4 45. gxf4 Nxc5 46. fxe5 Nb3 47. Bc7 Rc8 48. Ra2 Rxc7 49. Ne3 Be4+ 50. Kh2 fxe5 51. a5 Ra7 52. a6 Nc5 53. Ra5 Nd7 54. Nc4 Bd3 55. Nxe5+ Nxe5 56. Rxe5 Rxa6 57. Re3 Bf5 58. Rc3 h5 59. Kg3 Rd6 60. Rc7+ Kf6 61. h4 Rd3+ 62. Kg2 Rd4 0-1

[Event "45th Olympiad Budapest 2024"]
[Site "Budapest"]
[Date "2024.09.20"]
[Round "9.4"]
[White "Abugenda, Nagi"]
[Black "Nyola, Wasswa Mark"]
[Result "1/2-1/2"]
[WhiteElo "1975"]
[BlackElo "2070"]
[PlyCount "65"]
[EventDate "2024.09.11"]
[EventType "team"]
[EventRounds "11"]
[EventCountry "HUN"]
[WhiteTeam "Libya"]
[BlackTeam "Uganda"]
[WhiteTeamCountry "LBY"]
[BlackTeamCountry "UGA"]

1. e4 e5 2. Nf3 Nc6 3. d4 exd4 4. Bc4 Nf6 5. e5 d5 6. Bb5 Ne4 7. Nxd4 Bd7 8. Bxc6 bxc6 9. O-O Bc5 10. Be3 Bb6 11. f3 Ng5 12. f4 Ne4 13. Nd2 Nxd2 14. Qxd2 c5 15. Nf3 d4 16. Bf2 O-O 17. Qd3 ({RR} 17. Bh4 Qc8 18. c4 a5 19. Qf2 Bc6 20. Qg3 Be4 21. Be7 Re8 22. Bf6 Bg6 23. Nh4 gxf6 24. f5 Rxe5 25. fxg6 Qe6 26. gxf7+ Kxf7 27. Nf3 Rf5 28. Rae1 Qd7 29. Ng5+ fxg5 30. Qxg5 {1-0 (30) Karpatchev,A (2475)-Prohaszka,P (2607) Germany 2016}) ({RR} 17. a4 a5 18. b3 Bc6 19. Qe2 Bb7 20. Qd2 Bxf3 21. gxf3 Qd5 22. Qd3 f6 23. Bg3 c6 24. Qc4 Qxc4 25. bxc4 Bc7 26. Rab1 Rab8 27. Kg2 Rfe8 28. Rfe1 Rxb1 29. Rxb1 fxe5 30. Re1 Kf7 31. fxe5 Ke6 {Szczurek,J (1471)-Jaksa,E (1551) Prague CZE 2024 0-1 (54)}) 17... Qc8 18. Nh4 f5 $146 ({RR} 18... Re8 19. Bg3 Bc6 20. f5 Qd7 21. f6 c4 22. Qd2 Qg4 23. Nf5 c3 24. Qf2 d3 25. Ne3 Qe4 26. Bf4 cxb2 27. Rab1 Rxe5 28. Rfe1 dxc2 29. Rxb2 Qxf4 {0-1 (29) Visanescu,D (2060)-Khademalsharieh,S (2303) Maribor 2012}) ({RR} 18... f6 19. Bg3 f5 20. Nf3 Be6 21. b3 h6 22. a4 Ba5 23. Be1 Bxe1 24. Raxe1 Rd8 25. Nh4 Qd7 26. Rf3 Rab8 27. Rg3 Kh7 28. Rg6 Rb6 29. g4 Rf8 30. a5 Bc4 31. Qg3 Rxg6 32. Nxg6 Kxg6 33. gxf5+ {Sekerci,B (1711)-Arpaci,A (1276) Ankara 2019 1-0 (40)}) 19. Rfd1 Be6 20. Qh3 Qe8 21. a4 a5 22. Ra3 Qh5 23. Rd2 Qg4 24. Qf3 Rad8 25. h3 Qxf3 26. Nxf3 h6 27. Ra1 Rd5 28. Rad1 Rfd8 29. b3 R5d7 30. Bh4 Re8 31. Bf2 Red8 32. Bh4 Re8 33. Bf2 1/2-1/2